000 00879nam a2200193 a 4500
001 000030089
005 20200930060031.0
008 110429s20uu dr 000 0 spa d
040 _aDO-SdBNP
_bspa
_cBNPHU
110 2 _aReública Dominicana
_bComisión Presidencial para la reforma y Modernización del Estado
_956789
245 1 0 _aManual del ayuntamiento :
_bFunciones de las autoridades y empleados municipales.
260 _aSanto Domingo :
_bLiga Municipal,
_c[200?].
300 _a28 p. :
_bil. ;
_c21 cm.
490 1 _aCuadernos municipales
_v2
500 _aIncluye notas al pie de las páginas
505 2 _aPresidente del ayuntamiento -- Síndico-- Vice-Síndico -- Tesorero --Secretario -- Distritos municpales -- Jefe del distrito municipal -- Secciones municipales -- Alcaides pedáneos -- Inspectores
830 0 _aCuadernos municipales
_v2
_956790
049 _aBNPD
999 _c29581
_d29581